000
00335 a2200145 4500
001
169247
020
_a
040
_c
Magnum
100
_a
Navajas, Ana Maria
240
1
0
_a
Avaliacao institucional uma visao critica
_l
por
245
1
0
_a
Avaliacao institucional uma visao critica
362
0
_a
1899
697
_a
GERAL
942
_c
BK
999
_c
169247
_d
169247